000 01043nam a2200313 i 4500
001 bg
111 2 _aEuropean Conference on Grinding
_n(1 ;
_d2003 ;
_cAachen).
245 0 0 _a1st European Conference on Grinding :
_bAachen, 6-7 November 2003 /
_cK. Werner, F. Klocke, E. Brinksmeier (eds).
250 _aEnglish ed.
260 _aDüsseldorf :
_bVDI Verl.,
_c2003.
300 _awiele liczb. :
_bil. ;
_c21 cm.
490 _aFortschritt-Berichte VDI. R.2,Fertigungstechnik,
_x0178-9406 ;
_vNr 643
500 _aStreszcz przy ref.
504 _aBibliogr przy ref.
650 _aSkrawanie
650 _aSzlifowanie
655 _aMateriały konferencyjne
700 1 _aWerner, Klaus.
_eRed.
700 1 _aKlocke, Fritz.
_eRed.
700 1 _aBrinksmeier, Ekkard.
_eRed.
830 _aFortschritt-Berichte VDI. R.2,Fertigungstechnik,
_x0178-9406 ;
020 _a3183643022
040 _cBPK
041 0 _aeng
080 _a621.92(061)
920 _a3-18-364302-2
942 _cKS
008 s pl f |000 0 pol
999 _c44608
_d44608
856 _uhttp://koha.tu.koszalin.pl/cgi-bin/koha/opac-detail.pl?biblionumber=44608
_yKatalog online BPK